书目信息 |
| 题名: |
胡适四十自述
|
|
| 作者: | 胡适 著 | |
| 分册: | ||
| 出版信息: | 北京 现代出版社 2017.06 |
|
| 页数: | 262页 | |
| 开本: | 24cm | |
| 丛书名: | ||
| 单 册: | ||
| 中图分类: | K825.4=72 | |
| 科图分类: | ||
| 主题词: | ||
| 电子资源: | ||
| ISBN: | 978-7-5143-5935-0 | |
| 000 | 00832nam0 2200253 450 | |
| 001 | 0120172211457 | |
| 005 | 20170911104256.03 | |
| 010 | @a978-7-5143-5935-0@dCNY38.00 | |
| 100 | @a20170608d2017 em y0chiy50 ea | |
| 101 | 0 | @achi |
| 102 | @aCN@b110000 | |
| 105 | @ay z 000ya | |
| 106 | @ar | |
| 200 | 1 | @a胡适四十自述@9hu shi si shi zi shu@f胡适著 |
| 205 | @a增订版 | |
| 210 | @a北京@c现代出版社@d2017.06 | |
| 215 | @a262页@d24cm | |
| 330 | @a本书是著名思想家、文学家胡适的文学名篇之作。在本书中,胡适讲述了自己童年、少年与青年时代的人生经历,回顾了前四十年的心路历程,是胡适先生与自己的青少年时代进行的”心灵对话”。 | |
| 333 | @a一般读者 | |
| 600 | 0 | @a胡适@f(1891-1962)@x自传 |
| 690 | @aK825.4=72@v5 | |
| 701 | 0 | @a胡适@9hu shi@4著 |
| 801 | 0 | @aCN@b人天书店@c20170608 |
| 905 | @b1065700-05@dK825.4=72@e1031=2@f6 | |
| 胡适四十自述/胡适著.-增订版.-北京:现代出版社,2017.06 |
| 262页;24cm |
| 使用对象:一般读者 |
| ISBN 978-7-5143-5935-0:CNY38.00 |
| 本书是著名思想家、文学家胡适的文学名篇之作。在本书中,胡适讲述了自己童年、少年与青年时代的人生经历,回顾了前四十年的心路历程,是胡适先生与自己的青少年时代进行的”心灵对话”。 |
| ● |
| 相关链接 |
|
|
|
|
正题名:胡适四十自述
索取号:K825.4=72/1031=2
 
预约/预借
| 序号 | 登录号 | 条形码 | 馆藏地/架位号 | 状态 | 备注 |
| 1 | 1065700 | 210657001 | 第二样本阅览室/ [索取号:K825.4=72/1031=2] | 在馆 | |
| 2 | 1065701 | 210657010 | 密集书库-史法系/ [索取号:K825.4=72/1031=2] | 在馆 | |
| 3 | 1065702 | 210657029 | 第二借阅区/ [索取号:K825.4=72/1031=2] | 在馆 | |
| 4 | 1065703 | 210657038 | 第二借阅区/ [索取号:K825.4=72/1031=2] | 在馆 | |
| 5 | 1065704 | 210657047 | 第二借阅区/ [索取号:K825.4=72/1031=2] | 在馆 | |
| 6 | 1065705 | 210657056 | 第二借阅区/ [索取号:K825.4=72/1031=2] | 在馆 |